| 000 | 01099pam a2200349 a 4500 | ||
|---|---|---|---|
| 001 | 917528 | ||
| 003 | EG-ScBUE | ||
| 005 | 20220829112909.0 | ||
| 008 | 821203t1983 nyua f 001 0 eng d | ||
| 020 | _a0442268653 | ||
| 020 | _a0442268645 (pbk.) | ||
| 040 |
_aDLC _beng _erda _cDLC _dDLC _dEG-ScBUE |
||
| 082 | 0 | 4 |
_a720.284 _222 _bNEL |
| 100 | 1 |
_aNelson, John A., _d1935- _eauthor. _95791 |
|
| 245 | 1 | 0 |
_aHandbook of architectural and civil drafting / _cJohn A. Nelson. |
| 264 | 1 |
_aNew York : _bVan Nostrand Reinhold Company Inc., _c[1983] |
|
| 264 | 4 | _cc1983 | |
| 300 |
_a334 pages : _billustrations ; _c31 cm |
||
| 336 |
_2rdacontent _atext _btxt |
||
| 337 |
_2rdamedia _aunmediated _bn |
||
| 338 |
_2rdacarrier _avolume _bnc |
||
| 500 | _aIncludes index. | ||
| 500 | _aIncludes appendix. | ||
| 650 | 7 |
_aArchitectural drawing. _95792 _2BUEsh |
|
| 650 | 7 |
_aMechanical drawing. _95793 _2BUEsh |
|
| 650 | 7 |
_aStructural drawing. _95794 _2BUEsh |
|
| 650 | 7 |
_aTopographical drawing. _95795 _2BUEsh |
|
| 651 | _2BUEsh | ||
| 653 | _bART | ||
| 655 |
_vReading book _934232 |
||
| 942 |
_2ddc _cREFERENCE |
||
| 999 |
_c11736 _d11736 |
||